Devinette par images zoomées (séries, films et dessin animés) - Statistiques

Statistiques générales
  • Ce quiz a été pris 239 fois
  • Le résultat moyen est 9 sur 20
Statistiques - réponses
Par images Réponse % Correct
La Casa de Papel
86%
Foot 2 rue
82%
Garfield
82%
Squid Game
82%
Totally Spies
76%
Jurassic Park
70%
Matrix
69%
La panthère rose
61%
Breaking Bad
51%
Coco
50%
SamSam
38%
Black Panther
37%
Adventure Time
34%
Clifford
27%
Halloween
24%
Retour vers le futur
17%
Les 100
5%
Il faut sauver le soldat Ryan
4%
Dexter
2%
Locke and Key
1%
Aucun quiz correspondant
Distribution des résultats
% des personnes avec chaque résultat
Percentile par nombre de réponses
Votre historique - résultats
Vous n’avez pas pris ce quiz